logo

Bir Sreshtho Munshi Abdur Rouf Library
Jhenaidah Cadet College

Chronicle of the 20th century / (Record no. 4552)

MARC details
000 -LEADER
fixed length control field 00842nam a2200277 a 4500
001 - CONTROL NUMBER
JCCL Control Number 4552
003 - CONTROL NUMBER IDENTIFIER
JCCL marc code BD-JhCC
005 - DATE AND TIME OF LATEST TRANSACTION
control field 20171128172226.0
008 - FIXED-LENGTH DATA ELEMENTS--GENERAL INFORMATION
fixed length control field 880720s1987 nyua 001 0 eng
020 ## - INTERNATIONAL STANDARD BOOK NUMBER
International Standard Book Number 0942191013
020 ## - INTERNATIONAL STANDARD BOOK NUMBER
International Standard Book Number 0131337033
035 ## - SYSTEM CONTROL NUMBER
system control number (BD-JhCC)4552
040 ## - CATALOGING SOURCE
Original cataloging agency DLC
Transcribing agency DLC
Modifying agency DLC
-- BD-JhCC
041 ## - LANGUAGE CODE
Language code of Book eng
050 00 - LIBRARY OF CONGRESS CALL NUMBER
Classification number D422
Item number .C53 1987
082 00 - DEWEY DECIMAL CLASSIFICATION NUMBER
Classification number 909.82/0202
DDC Edition number 19
Author mark and Year CHR 1987
245 00 - TITLE STATEMENT
Title Chronicle of the 20th century /
Statement of responsibility, etc editor in chief, Clifton Daniel.
250 ## - EDITION STATEMENT
Edition statement North American ed.
260 ## - PUBLICATION, DISTRIBUTION, ETC. (IMPRINT)
Place of publication, distribution, etc Mount Kisco, N.Y. :
Name of publisher, distributor, etc Chronicle Publications,
Date of publication, distribution, etc c1987.
300 ## - PHYSICAL DESCRIPTION
Pagination 1357 p. :
Other physical details ill. (some col.) ;
Dimensions 30 cm.
504 ## - BIBLIOGRAPHY, ETC. NOTE
Bibliography, etc Includes index.
650 #0 - SUBJECT ADDED ENTRY--TOPICAL TERM
Topical term or geographic name as entry element History, Modern
Chronological subdivision 20th century
Form subdivision Chronology.
700 1# - ADDED ENTRY--PERSONAL NAME
Personal name Daniel, Clifton,
Dates associated with a name 1912-2000.
740 0# -
Uncontrolled related/analytical title Chronicle of the twentieth century.
942 ## - ADDED ENTRY ELEMENTS (KOHA)
Source of classification or shelving scheme Dewey Decimal Classification
Koha item type Reference
Holdings
Source of classification or shelving scheme Damaged status Not for loan Home library Current library Shelving location Date of accession Total Checkouts Full call number Barcode Date last seen Copy number Koha item type
Dewey Decimal Classification   Not For Loan JCC Rouf Library JCC Rouf Library General Stacks 11/28/2017   909.82/0202 CHR 1987 6516 11/28/2017 C-1 Reference

JCC Library | Contacts | JCC Home

Last Update on 23 September 2017
Copyright @ 2017-2020 JCC Rouf Library
Rouf Library, Jhenidah Cadet College (JCC), Bangladesh